Os 15 principais países com mortes por Covid19 - 5 mar 2021 - Statistics

Estatísticas Gerais
  • Esse quiz foi jogado 13 vezes
  • A pontuação média é 14 de 24
Estatísticas das Respostas
país % Correto
Brasil
100%
Estados Unidos
100%
Espanha
89%
Rússia
89%
Alemanha
78%
Argentina
78%
Colômbia
78%
Itália
78%
França
67%
Índia
67%
México
67%
Peru
67%
Reino Unido
67%
África do Sul
56%
Eslovénia
56%
Irão
56%
Bélgica
44%
Chéquia
44%
Portugal
44%
Croácia
22%
Bósnia e Herzegovina
11%
Bulgária
11%
Hungria
11%
Macedónia do Norte
11%
Nenhum quiz correspondente encontrado
Distribuição das Pontuações
Porcentagem de Pessoas com Cada Pontuação
Percentil de Números Respondidos
Sua Pontuação Histórica
Você não jogou esse quiz